| 000 | 00385nam a22001217a 4500 | ||
|---|---|---|---|
| 082 | _a220 PRO | ||
| 100 |
_aNS HAANIA AAMIR NS HAMZA EHSAN KHAN NS RAMEEN JAFAR GC WALEED AHMED _972963 |
||
| 245 | _aPR-SOF-1878-Smart Camera using FPGA | ||
| 260 |
_aISLAMABAD _bNUST COLLEGE OF EME _c2020 |
||
| 650 |
_a DE-COMP-38 _972964 |
||
| 700 |
_aDR. SAJID GUL KHAWAJA SAAD ZIA _972965 |
||
| 942 | _cCR | ||
| 999 |
_c578896 _d578896 |
||